000 00442nam a2200169Ia 4500
008 090123s9999 xx 000 0 und d
082 _b41545
100 _aPHELPS STONLEY AUSTIN NANCY
245 _aTHE ASSERTIVE YOU
250 _a0
260 _bJAICO PUBLISHING HOUSE
600 _aPHELPS STONLEY AUSTIN NANCY
630 _aTHE ASSERTIVE YOU
700 _aPHELPS STONLEY AUSTIN NANCY
730 _aTHE ASSERTIVE YOU
942 _cBOOK
999 _c79621
_d79621